[Event "5MCR_4D_2L_4S"]
[Site "?"]
[Date "2002.??.??"]
[Round "?"]
[White "Martinec, Tomas"]
[Black "Zitek, Miroslav"]
[Result "0-1"]
[WhiteElo "2000"]
[BlackElo "2000"]
[PlyCount "88"]
[EventDate "2002.??.??"]
[EventType "corr"]
[SourceDate "2004.??.??"]

1. e4 d6 2. d4 Nf6 3. Nc3 g6 4. f4 Bg7 5. Nf3 O-O 6. Bd3 c5 7. dxc5 dxc5 8. e5
Nd5 9. Nxd5 Qxd5 10. Qe2 Nc6 11. Be4 Qd8 12. Be3 Qa5+ 13. c3 Be6 14. O-O Rfd8
15. Ng5 Bd5 16. Bxd5 Rxd5 17. Qf3 Rdd8 18. e6 f5 19. Qh3 h5 20. Nf7 Rd3 21. Qg3
Kh7 22. Ng5+ Kg8 23. Rfe1 Rf8 24. Nf7 Kh7 25. a3 Bf6 26. Rad1 c4 27. Rxd3 cxd3
28. Qf3 Qb5 29. Qf2 Qc4 30. Bc1 b6 31. Qf1 Na5 32. Qf3 Nb3 33. Qd1 Rc8 34. Bd2
Nc5 35. Re3 Ne4 36. Be1 d2 37. Bxd2 Qxe6 38. Ng5+ Bxg5 39. fxg5 Qd5 40. Re2 Rd8
41. Qe1 e5 42. Bc1 Qd1 43. Qf1 Kg7 44. Re1 Qc2 0-1

[Event "5MCR_4D_2L_4S"]
[Site "?"]
[Date "2002.??.??"]
[Round "?"]
[White "Olsovsky, Josef"]
[Black "Chvojka, Jaroslav"]
[Result "0-1"]
[WhiteElo "1800"]
[BlackElo "2125"]
[PlyCount "88"]
[EventDate "2002.??.??"]
[EventType "corr"]
[SourceDate "2004.??.??"]

1. Nf3 Nf6 2. c4 c5 3. Nc3 Nc6 4. d4 cxd4 5. Nxd4 g6 6. g3 Bg7 7. Bg2 Qb6 8.
Nc2 Ng4 9. O-O Bxc3 10. bxc3 d6 11. Na3 Qa6 12. Nb5 Qa5 13. Qb3 Nge5 14. Bh6
Bd7 15. Nd4 Qc7 16. Bg7 Rg8 17. Bxe5 dxe5 18. Nb5 Qc8 19. Rfd1 Kf8 20. a4 Bg4
21. Qc2 Kg7 22. Rd2 Na5 23. Na3 Be6 24. Bd5 Bf5 25. Qb2 Qc5 26. Bg2 Rad8 27.
Rd5 Rxd5 28. cxd5 Rc8 29. e4 Bd7 30. Nb1 b6 31. h4 Nc4 32. Qe2 Qa5 33. h5 Nd6
34. Kh1 Nb5 35. c4 Nd4 36. Qd3 Qe1+ 37. Qf1 Qb4 38. Na3 Bxa4 39. Qc1 Qb3 40.
Qd2 Rc5 41. h6+ Kf6 42. Qe3 g5 43. Bh3 Kg6 44. Kg2 Kxh6 0-1

[Event "5MCR_4D_2L_4S"]
[Site "?"]
[Date "2002.??.??"]
[Round "?"]
[White "Olsovsky, Josef"]
[Black "Cihal, Jan"]
[Result "1/2-1/2"]
[WhiteElo "1800"]
[BlackElo "2020"]
[PlyCount "71"]
[EventDate "2002.??.??"]
[EventType "corr"]
[SourceDate "2004.??.??"]

1. Nf3 d5 2. c4 c6 3. b3 Nf6 4. g3 Bg4 5. Bg2 e6 6. Bb2 Nbd7 7. O-O Be7 8. d3
O-O 9. Nbd2 a5 10. a3 Qb6 11. Qc2 Rfc8 12. Rfe1 Bh5 13. Bc3 Bg6 14. Qb2 Ng4 15.
d4 Be4 16. Bh3 Bf5 17. Bg2 Ngf6 18. Nh4 Ne4 19. Bxe4 Bxe4 20. Nxe4 dxe4 21. Ng2
Nf6 22. Ne3 Qc7 23. a4 Nh5 24. Qc2 f5 25. c5 Rf8 26. Nc4 Bd8 27. Rad1 Nf6 28.
Bd2 Nd5 29. f3 exf3 30. exf3 Qf7 31. Qd3 Bc7 32. Qe2 f4 33. g4 Rfe8 34. Qd3 Qf6
35. Re2 Rf8 36. Rde1 1/2-1/2

[Event "5MCR_4D_2L_4S"]
[Site "?"]
[Date "2002.??.??"]
[Round "?"]
[White "Olsovsky, Josef"]
[Black "Marecek, Vladislav"]
[Result "1/2-1/2"]
[WhiteElo "1800"]
[BlackElo "1800"]
[PlyCount "79"]
[EventDate "2002.??.??"]
[EventType "corr"]
[SourceDate "2004.??.??"]

1. Nf3 c5 2. c4 Nf6 3. Nc3 g6 4. g3 Bg7 5. Bg2 Nc6 6. O-O O-O 7. d4 cxd4 8.
Nxd4 Qb6 9. Ndb5 a6 10. Be3 Qa5 11. Na3 Qh5 12. f3 d6 13. Qd2 Be6 14. Rac1 Rfc8
15. b3 Qa5 16. Na4 Qxd2 17. Bxd2 Nd7 18. Kh1 Rab8 19. f4 b6 20. Nb1 f5 21. Bc3
Nd4 22. e3 Ne2 23. Rc2 Nxc3 24. Naxc3 Kf8 25. Rfc1 Bf7 26. Kg1 Nf6 27. h3 e5
28. Rd2 b5 29. cxb5 axb5 30. Rxd6 e4 31. Rdd1 b4 32. Na4 h6 33. Bf1 g5 34. Kf2
Ra8 35. Be2 Ke7 36. Nd2 Nd5 37. Nc4 Bf6 38. Rxd5 Bxd5 39. Nab6 Be6 40. Rc2
1/2-1/2

[Event "5MCR_4D_2L_4S"]
[Site "?"]
[Date "2002.??.??"]
[Round "?"]
[White "Olsovsky, Josef"]
[Black "Martinec, Tomas"]
[Result "1/2-1/2"]
[WhiteElo "1800"]
[BlackElo "2000"]
[PlyCount "56"]
[EventDate "2002.??.??"]
[EventType "corr"]
[SourceDate "2004.??.??"]

1. Nf3 Nf6 2. c4 g6 3. Nc3 Bg7 4. g3 O-O 5. Bg2 d5 6. cxd5 Nxd5 7. O-O Nc6 8.
Nxd5 Qxd5 9. d3 Qh5 10. Qb3 Rb8 11. Be3 Be6 12. Qc2 Rfd8 13. a3 a6 14. Rac1 Bh3
15. Bd2 Nd4 16. Nxd4 Bxg2 17. Kxg2 Bxd4 18. f3 Rd7 19. e3 Bb6 20. d4 Rbd8 21.
Bc3 c5 22. dxc5 Qxc5 23. e4 Qe3 24. Kh1 Rd3 25. a4 Bc7 26. Qg2 b5 27. axb5 axb5
28. f4 Bb6 1/2-1/2

[Event "5MCR_4D_2L_4S"]
[Site "?"]
[Date "2002.??.??"]
[Round "?"]
[White "Olsovsky, Josef"]
[Black "Rubes, Zdenek"]
[Result "1-0"]
[WhiteElo "1800"]
[BlackElo "2075"]
[PlyCount "63"]
[EventDate "2002.??.??"]
[EventType "corr"]
[SourceDate "2004.??.??"]

1. Nf3 Nf6 2. c4 g6 3. b4 Bg7 4. Bb2 b6 5. g3 Bb7 6. Bg2 O-O 7. O-O c5 8. bxc5
bxc5 9. d3 Nc6 10. Nc3 Rb8 11. Rb1 e6 12. Qa4 a5 13. Ba1 Ba8 14. Rxb8 Qxb8 15.
Rb1 Qd8 16. Nb5 d6 17. Nd2 e5 18. Nb3 e4 19. dxe4 Qe7 20. Nd2 Nd4 21. Nc3 Qd7
22. Qd1 Qg4 23. f3 Qg5 24. Nf1 Ne8 25. Rb8 Nc7 26. Rxf8+ Kxf8 27. e3 Nc6 28.
Nb5 Ne8 29. Bxg7+ Kxg7 30. Nxd6 Nxd6 31. Qxd6 Qe5 32. Qd5 1-0

[Event "5MCR_4D_2L_4S"]
[Site "?"]
[Date "2002.??.??"]
[Round "?"]
[White "Olsovsky, Josef"]
[Black "Veselsky, Michal"]
[Result "0-1"]
[WhiteElo "1800"]
[BlackElo "1870"]
[PlyCount "75"]
[EventDate "2002.??.??"]
[EventType "corr"]
[SourceDate "2004.??.??"]

1. Nf3 f5 2. g3 Nf6 3. Bg2 d6 4. d4 g6 5. O-O Bg7 6. b3 O-O 7. Bb2 Qe8 8. Nbd2
Nc6 9. Nc4 b5 10. Ncd2 Bb7 11. e3 e5 12. dxe5 Nxe5 13. Re1 Ned7 14. Rc1 Nc5 15.
a3 a5 16. h3 Nce4 17. Rb1 b4 18. a4 c5 19. Nc4 Nd5 20. Bxg7 Kxg7 21. Ra1 Ndc3
22. Qc1 Ba6 23. Bf1 Bxc4 24. Bxc4 d5 25. Bf1 h6 26. Nd2 Qe6 27. Nb1 Nxb1 28.
Rxb1 Nc3 29. Ra1 g5 30. Qd2 Ra7 31. Qd3 Rf6 32. Bg2 Rd7 33. Kh2 Kf7 34. Rac1
Ke8 35. Rcd1 Kd8 36. Rh1 h5 37. Rd2 h4 38. gxh4 0-1

[Event "5MCR_4D_2L_4S"]
[Site "?"]
[Date "2002.??.??"]
[Round "?"]
[White "Panuska, Vladimir"]
[Black "Glaser, Karel"]
[Result "1/2-1/2"]
[WhiteElo "1800"]
[BlackElo "2025"]
[PlyCount "77"]
[EventDate "2002.??.??"]
[EventType "corr"]
[SourceDate "2004.??.??"]

1. e4 e5 2. Nf3 Nc6 3. Bc4 Bc5 4. d3 Nf6 5. Nc3 d6 6. Bg5 h6 7. Bxf6 Qxf6 8.
Nd5 Qd8 9. c3 Ne7 10. b4 Bb6 11. Nxb6 axb6 12. O-O Ng6 13. d4 Qf6 14. Re1 Bg4
15. Re3 Nf4 16. h3 Bd7 17. Bf1 Ba4 18. Qd2 O-O 19. b5 Qe6 20. Rb1 Rfe8 21. d5
Qe7 22. c4 Ra7 23. g3 Ng6 24. Bg2 Rea8 25. Ra3 Qd8 26. Qb2 Ra5 27. Ne1 Nf8 28.
Nd3 Qg5 29. h4 Qe7 30. Qd2 Nd7 31. f3 Qf6 32. Kh2 Qd8 33. Bh3 Nc5 34. Nxc5 bxc5
35. Rd3 Qe7 36. Rc1 R5a7 37. Bf5 Rd8 38. Ra3 Re8 39. Bh3 1/2-1/2

[Event "5MCR_4D_2L_4S"]
[Site "?"]
[Date "2002.??.??"]
[Round "?"]
[White "Panuska, Vladimir"]
[Black "Jina, Jiri"]
[Result "0-1"]
[WhiteElo "1800"]
[BlackElo "2185"]
[PlyCount "62"]
[EventDate "2002.??.??"]
[EventType "corr"]
[SourceDate "2004.??.??"]

1. e4 e5 2. Nf3 Nf6 3. d4 Nxe4 4. Bd3 d5 5. Nxe5 Bd6 6. O-O O-O 7. c4 Bxe5 8.
dxe5 Nc6 9. Re1 f5 10. Bf1 d4 11. Nd2 Qe7 12. Nf3 Qf7 13. b3 Be6 14. Ba3 Rfe8
15. Bd3 Rad8 16. Qc2 Qg6 17. Rac1 Ng5 18. Nxg5 Qxg5 19. g3 f4 20. Bxh7+ Kh8 21.
h4 Qg4 22. Qd3 fxg3 23. fxg3 Bxc4 24. Rxc4 Nxe5 25. Re4 Qh3 26. Rxe5 Rxe5 27.
Be4 Qg4 28. Bg2 Re3 29. Qf1 Qxg3 30. Bb4 Rde8 31. Qf4 Qxf4 0-1

[Event "5MCR_4D_2L_4S"]
[Site "?"]
[Date "2002.??.??"]
[Round "?"]
[White "Panuska, Vladimir"]
[Black "Jirku, Jaroslav"]
[Result "1/2-1/2"]
[WhiteElo "1800"]
[BlackElo "2225"]
[PlyCount "61"]
[EventDate "2002.??.??"]
[EventType "corr"]
[SourceDate "2004.??.??"]

1. e4 e5 2. Nf3 Nf6 3. d4 Nxe4 4. Bd3 d5 5. Nxe5 Bd6 6. O-O O-O 7. c4 Nc6 8.
Nxc6 bxc6 9. c5 Be7 10. Nd2 Bf6 11. Nxe4 dxe4 12. Bxe4 Ba6 13. Re1 Qxd4 14. Qh5
g6 15. Qf3 Qb4 16. Be3 Bxb2 17. Rad1 Rab8 18. a3 Qxa3 19. Bxc6 Bc4 20. Qe4 Be6
21. Bh6 Rfd8 22. Rxd8+ Rxd8 23. Bd5 Qa6 24. g3 Bc3 25. Qe3 Bg7 26. Bxg7 Kxg7
27. Bxe6 Qxe6 28. Qxe6 fxe6 29. Rxe6 Kf7 30. Rc6 Rd7 31. Ra6 1/2-1/2

[Event "5MCR_4D_2L_4S"]
[Site "?"]
[Date "2002.??.??"]
[Round "?"]
[White "Panuska, Vladimir"]
[Black "Olsovsky, Josef"]
[Result "1-0"]
[WhiteElo "1800"]
[BlackElo "1800"]
[PlyCount "69"]
[EventDate "2002.??.??"]
[EventType "corr"]
[SourceDate "2004.??.??"]

1. e4 c5 2. Nf3 d6 3. d4 cxd4 4. Nxd4 Nf6 5. Nc3 a6 6. Bg5 e6 7. Bc4 Be7 8. O-O
Nc6 9. Nxc6 bxc6 10. Qf3 Qc7 11. Rfe1 O-O 12. Rad1 Rd8 13. Qg3 e5 14. Rd3 Nh5
15. Qh4 Bxg5 16. Qxg5 Nf6 17. Rg3 Ne8 18. a3 Ra7 19. Qh6 Qe7 20. Qe3 Be6 21.
Bxe6 fxe6 22. Qe2 Rb8 23. b3 Nc7 24. a4 Rf8 25. Nd1 Ne8 26. Ne3 Qf6 27. Rf3 Qe7
28. Rxf8+ Kxf8 29. Rd1 Kg8 30. Nc4 Rb7 31. Qd2 Kf8 32. f4 d5 33. Nxe5 Nf6 34.
Qa5 Qd6 35. Qxa6 1-0

[Event "5MCR_4D_2L_4S"]
[Site "?"]
[Date "2002.??.??"]
[Round "?"]
[White "Panuska, Vladimir"]
[Black "Portych, Vaclav"]
[Result "1-0"]
[WhiteElo "1800"]
[BlackElo "2040"]
[PlyCount "65"]
[EventDate "2002.??.??"]
[EventType "corr"]
[SourceDate "2004.??.??"]

1. e4 c5 2. Nf3 Nc6 3. d4 cxd4 4. Nxd4 Nf6 5. Nc3 e5 6. Ndb5 d6 7. Bg5 a6 8.
Na3 b5 9. Bxf6 gxf6 10. Nd5 f5 11. Bd3 Be6 12. Qh5 Rg8 13. O-O h6 14. Qd1 Qg5
15. g3 Rc8 16. c4 fxe4 17. Bxe4 f5 18. Bg2 Nd4 19. Re1 Bg7 20. cxb5 f4 21. bxa6
Kf7 22. a7 Bg4 23. Qa4 f3 24. Nc4 Rc6 25. Rad1 Ne2+ 26. Rxe2 fxe2 27. Re1 Rgc8
28. Nde3 Rxc4 29. Bd5+ Be6 30. Qd7+ Qe7 31. Bxe6+ Kf8 32. Qxe7+ Kxe7 33. Bxc4
1-0

[Event "5MCR_4D_2L_4S"]
[Site "?"]
[Date "2002.??.??"]
[Round "?"]
[White "Panuska, Vladimir"]
[Black "Zitek, Miroslav"]
[Result "1-0"]
[WhiteElo "1800"]
[BlackElo "2000"]
[PlyCount "67"]
[EventDate "2002.??.??"]
[EventType "corr"]
[SourceDate "2004.??.??"]

1. e4 d6 2. d4 Nf6 3. Nc3 g6 4. f4 Bg7 5. Nf3 O-O 6. Be3 c6 7. Be2 Ng4 8. Bd2
f5 9. Bc4+ Kh8 10. e5 b5 11. Bb3 a5 12. a4 b4 13. Ne2 Na6 14. h3 Nh6 15. c3 Rb8
16. O-O bxc3 17. bxc3 Nc7 18. Rb1 d5 19. Qc2 Na6 20. Ba2 Nf7 21. Rxb8 Nxb8 22.
c4 Ba6 23. Rc1 e6 24. Qc3 Qc8 25. Qxa5 Rd8 26. cxd5 exd5 27. Nc3 Bc4 28. Bxc4
dxc4 29. Rb1 g5 30. Qa7 g4 31. hxg4 fxg4 32. Nh4 Nh6 33. Rb7 Nd7 34. f5 1-0

[Event "5MCR_4D_2L_4S"]
[Site "?"]
[Date "2002.??.??"]
[Round "?"]
[White "Portych, Vaclav"]
[Black "Chvojka, Jaroslav"]
[Result "1/2-1/2"]
[WhiteElo "2040"]
[BlackElo "2125"]
[PlyCount "87"]
[EventDate "2002.??.??"]
[EventType "corr"]
[SourceDate "2004.??.??"]

1. c4 Nf6 2. Nc3 e5 3. Nf3 Nc6 4. g3 d5 5. cxd5 Nxd5 6. Bg2 Nxc3 7. bxc3 Bc5 8.
d3 O-O 9. Rb1 e4 10. Nd2 exd3 11. Ne4 d2+ 12. Qxd2 Bb6 13. Ba3 Qxd2+ 14. Nxd2
Re8 15. e3 Ne5 16. Nb3 Bf5 17. Ra1 Nd3+ 18. Ke2 Nxf2 19. Kxf2 Bxe3+ 20. Kf3
Be4+ 21. Kxe3 Bxg2+ 22. Kf2 Bxh1 23. Rxh1 Re6 24. Bc1 Rae8 25. Nd4 Ra6 26. a3
c5 27. Nf3 Rd6 28. Re1 Rxe1 29. Nxe1 Rd1 30. Be3 b6 31. Ke2 Rb1 32. Nc2 f5 33.
Bf4 Kf7 34. c4 Kf6 35. h4 Rb3 36. Kd2 Ke6 37. a4 g6 38. Bb8 Kd7 39. Be5 Kc6 40.
Bf4 a6 41. Be5 b5 42. cxb5+ axb5 43. axb5+ Rxb5 44. Kc3 1/2-1/2

[Event "5MCR_4D_2L_4S"]
[Site "?"]
[Date "2002.??.??"]
[Round "?"]
[White "Portych, Vaclav"]
[Black "Cihal, Jan"]
[Result "1/2-1/2"]
[WhiteElo "2040"]
[BlackElo "2020"]
[PlyCount "56"]
[EventDate "2002.??.??"]
[EventType "corr"]
[SourceDate "2004.??.??"]

1. c4 Nf6 2. Nc3 e5 3. Nf3 Nc6 4. g3 Bb4 5. Bg2 O-O 6. O-O d6 7. d3 Bxc3 8.
bxc3 e4 9. Nd4 exd3 10. exd3 Nxd4 11. cxd4 d5 12. Re1 Be6 13. Bg5 dxc4 14. dxc4
Bxc4 15. Bxb7 Rb8 16. Bg2 h6 17. Qc1 hxg5 18. Qxc4 g4 19. Re5 Rb2 20. Rc5 Rd2
21. d5 Qd6 22. Rc1 Re8 23. Rxc7 Qb6 24. Qf4 Rd4 25. Qf5 g6 26. Qc2 Nxd5 27. Rc6
Nb4 28. Rxb6 Nxc2 1/2-1/2

[Event "5MCR_4D_2L_4S"]
[Site "?"]
[Date "2002.??.??"]
[Round "?"]
[White "Portych, Vaclav"]
[Black "Jina, Jiri"]
[Result "0-1"]
[WhiteElo "2040"]
[BlackElo "2185"]
[PlyCount "80"]
[EventDate "2002.??.??"]
[EventType "corr"]
[SourceDate "2004.??.??"]

1. c4 Nf6 2. Nc3 e5 3. Nf3 Nc6 4. g3 Bc5 5. Bg2 e4 6. Ng5 Bxf2+ 7. Kxf2 Ng4+ 8.
Kg1 Qxg5 9. Nxe4 Qe5 10. e3 d6 11. d4 Qe7 12. h3 Bf5 13. Nc3 Nf6 14. Kh2 O-O
15. Rf1 Bg6 16. Rf4 Rfe8 17. e4 Nd8 18. b3 c6 19. Be3 a6 20. a4 h6 21. Qd2 Ne6
22. Rf2 Nf8 23. Re1 a5 24. Ref1 Bxe4 25. Rxf6 Bxg2 26. Rxf7 Bxf1 27. Rxe7 Rxe7
28. Bf4 Rae8 29. Qd1 Re1 30. Qh5 Bd3 31. Qxa5 Ne6 32. Bd2 Rf1 33. Kg2 Ref8 34.
Be3 R8f3 35. Bg1 Ng5 36. Qd8+ Kh7 37. h4 Ne4 38. Nxe4 Bxe4 39. Qe7 R3f2+ 40.
Kh3 Bg2+ 0-1

[Event "5MCR_4D_2L_4S"]
[Site "?"]
[Date "2002.??.??"]
[Round "?"]
[White "Portych, Vaclav"]
[Black "Marecek, Vladislav"]
[Result "1/2-1/2"]
[WhiteElo "2040"]
[BlackElo "1800"]
[PlyCount "66"]
[EventDate "2002.??.??"]
[EventType "corr"]
[SourceDate "2004.??.??"]

1. c4 e5 2. Nc3 Nf6 3. Nf3 Nc6 4. g3 Bb4 5. Nd5 Bc5 6. Bg2 O-O 7. O-O Re8 8. e3
e4 9. Ng5 Nxd5 10. Nxe4 Rxe4 11. cxd5 Re8 12. dxc6 dxc6 13. d4 Bb6 14. Qh5 Qf6
15. Bd2 Bf5 16. Rfc1 Be4 17. Bxe4 Rxe4 18. a4 a6 19. a5 Ba7 20. Ra3 Ree8 21.
Rb3 Rab8 22. Bb4 Qe6 23. Rbc3 Rbd8 24. Qh4 Rd5 25. b3 g5 26. Qh5 g4 27. Qh4 Kg7
28. Bc5 Bxc5 29. Rxc5 Qf5 30. b4 h5 31. Rf1 Kg6 32. Rfc1 Kg7 33. Rf1 Kg6
1/2-1/2

[Event "5MCR_4D_2L_4S"]
[Site "?"]
[Date "2002.??.??"]
[Round "?"]
[White "Portych, Vaclav"]
[Black "Olsovsky, Josef"]
[Result "1/2-1/2"]
[WhiteElo "2040"]
[BlackElo "1800"]
[PlyCount "112"]
[EventDate "2002.??.??"]
[EventType "corr"]
[SourceDate "2004.??.??"]

1. c4 Nf6 2. Nc3 d5 3. cxd5 Nxd5 4. g3 g6 5. Bg2 Nxc3 6. bxc3 Bg7 7. Rb1 Nd7 8.
Nf3 O-O 9. O-O Nb6 10. Qc2 Bd7 11. d3 Ba4 12. Qd2 Bc6 13. c4 Re8 14. c5 Nd5 15.
Bb2 e5 16. Rfd1 Ba4 17. Rdc1 Bc6 18. Re1 e4 19. dxe4 Nf6 20. e5 Nd7 21. Qe3 Qe7
22. Rec1 Rab8 23. Bd4 Nf8 24. Qc3 Ne6 25. e3 Red8 26. Rb2 Qd7 27. Rb4 Be4 28.
Nd2 a5 29. Rc4 Bd5 30. Bxd5 Qxd5 31. f4 g5 32. a3 Kh8 33. Nb3 gxf4 34. exf4 h5
35. Qxa5 Ra8 36. Qb4 h4 37. a4 Rg8 38. Kf2 Bh6 39. Rg1 Bxf4 40. Bc3 Rg4 41.
Rxf4 Nxf4 42. gxf4 Rxg1 43. Kxg1 Qf3 44. e6+ Kh7 45. Bf6 Rg8+ 46. Bg5 Qg4+ 47.
Kf2 Rxg5 48. e7 Qg1+ 49. Kf3 Rg2 50. Qe4+ Kh6 51. Qd4 Qf1+ 52. Ke4 Re2+ 53. Kd5
Qf3+ 54. Kc4 Kg6 55. Qg1+ Kh7 56. Qb1+ Qe4+ 1/2-1/2

[Event "5MCR_4D_2L_4S"]
[Site "?"]
[Date "2002.??.??"]
[Round "?"]
[White "Portych, Vaclav"]
[Black "Zitek, Miroslav"]
[Result "1-0"]
[WhiteElo "2040"]
[BlackElo "2000"]
[PlyCount "115"]
[EventDate "2002.??.??"]
[EventType "corr"]
[SourceDate "2004.??.??"]

1. c4 Nf6 2. Nc3 g6 3. Nf3 Bg7 4. g3 d5 5. cxd5 Nxd5 6. Bg2 O-O 7. O-O Nc6 8.
Nxd5 Qxd5 9. d3 Qb5 10. Rb1 Be6 11. b3 Rfd8 12. Bb2 Bxb2 13. Rxb2 Bg4 14. Qc1
Qh5 15. Rc2 Rd5 16. Rc4 Rd6 17. h3 Bxf3 18. Bxf3 Qe5 19. Bxc6 bxc6 20. Re4 Qf6
21. Qe3 e6 22. Rc1 Qb2 23. Rh4 a5 24. Qh6 Qh8 25. Qd2 Ra6 26. Rhc4 Qf6 27. Kg2
Qe5 28. R1c2 Qd5+ 29. f3 Qb5 30. Qc3 Qb7 31. Rf4 Qa8 32. Qf6 Qe8 33. Rc5 Rd5
34. Qc3 Rxc5 35. Qxc5 Qd8 36. Qc4 Qa8 37. Qc3 Qd8 38. Qe5 Qd7 39. Ra4 Qd6 40.
Qc3 c5 41. Rxa5 Rxa5 42. Qxa5 Qd4 43. Qd2 Kf8 44. a4 h5 45. a5 Qa1 46. b4 cxb4
47. Qxb4+ Ke8 48. Qb5+ Ke7 49. a6 Kd6 50. f4 Qd4 51. Qb7 Qe3 52. Qb4+ Kd7 53.
Kf1 h4 54. gxh4 Qxh3+ 55. Ke1 Qh1+ 56. Kd2 Qd5 57. Qa4+ Kd8 58. e4 1-0

[Event "5MCR_4D_2L_4S"]
[Site "?"]
[Date "2002.??.??"]
[Round "?"]
[White "Rubes, Zdenek"]
[Black "Glaser, Karel"]
[Result "1/2-1/2"]
[WhiteElo "2075"]
[BlackElo "2025"]
[PlyCount "107"]
[EventDate "2002.??.??"]
[EventType "corr"]
[SourceDate "2004.??.??"]

1. e4 e5 2. Nc3 Nf6 3. Bc4 Bc5 4. d3 d6 5. f4 Nc6 6. Nf3 Bg4 7. Na4 O-O 8. Nxc5
dxc5 9. O-O exf4 10. Bxf4 Nd4 11. Qd2 Bxf3 12. gxf3 b5 13. Bb3 c4 14. dxc4 b4
15. c5 Nh5 16. Bg5 Nxb3 17. Qxd8 Rfxd8 18. axb3 f6 19. Be3 f5 20. Rfd1 Rxd1+
21. Rxd1 fxe4 22. fxe4 Re8 23. Rd7 Rxe4 24. Bd2 c6 25. Rxa7 Rd4 26. Be1 Nf4 27.
Ra6 Rd1 28. Kf1 Rc1 29. Rxc6 Rxc2 30. Rd6 Rxc5 31. Bxb4 Rf5 32. Rd8+ Kf7 33.
Rf8+ Ke6 34. Rxf5 Kxf5 35. Bc3 g6 36. b4 Ke6 37. b5 Kd5 38. Bd2 Ne6 39. Be3 Nd8
40. Ke2 Nb7 41. Kf3 Nd6 42. b6 Kc6 43. Kf4 Nf7 44. b4 h6 45. h3 Nd6 46. Kg4 Nf7
47. Kf3 Kb7 48. Ke4 Nd6+ 49. Kd5 Nf5 50. Bf2 g5 51. Ke6 Ng7+ 52. Ke5 Nh5 53.
Be3 Ka6 54. Kf5 1/2-1/2

[Event "5MCR_4D_2L_4S"]
[Site "?"]
[Date "2002.??.??"]
[Round "?"]
[White "Rubes, Zdenek"]
[Black "Jirku, Jaroslav"]
[Result "0-1"]
[WhiteElo "2075"]
[BlackElo "2225"]
[PlyCount "60"]
[EventDate "2002.??.??"]
[EventType "corr"]
[SourceDate "2004.??.??"]

1. e4 e5 2. Nc3 Nf6 3. Bc4 Bc5 4. d3 d6 5. f4 Nc6 6. Nf3 Bg4 7. Na4 O-O 8. Nxc5
dxc5 9. O-O Qd6 10. h3 Bxf3 11. Qxf3 b5 12. Bd5 Nxd5 13. exd5 Nd4 14. Qf2 Qxd5
15. c3 Nc6 16. Be3 Rfe8 17. Bxc5 exf4 18. d4 Re4 19. Rae1 Rae8 20. Qf3 f5 21.
Rxe4 Rxe4 22. Qh5 h6 23. a3 a6 24. Rf2 Na5 25. Kh2 Qe6 26. Qh4 g5 27. Qh5 g4
28. Rf1 g3+ 29. Kg1 Nb3 30. d5 Qf7 0-1

[Event "5MCR_4D_2L_4S"]
[Site "?"]
[Date "2002.??.??"]
[Round "?"]
[White "Rubes, Zdenek"]
[Black "Martinec, Tomas"]
[Result "1/2-1/2"]
[WhiteElo "2075"]
[BlackElo "2000"]
[PlyCount "64"]
[EventDate "2002.??.??"]
[EventType "corr"]
[SourceDate "2004.??.??"]

1. e4 d6 2. d4 Nf6 3. Nc3 g6 4. f4 Bg7 5. Nf3 O-O 6. Bc4 Nxe4 7. Bxf7+ Rxf7 8.
Nxe4 h6 9. Be3 Qd7 10. Qd2 b6 11. O-O-O Bb7 12. Nc3 b5 13. h4 b4 14. Nb1 Qa4
15. h5 gxh5 16. Rxh5 Nd7 17. f5 Nf6 18. Rh4 Ne4 19. Qe1 Qxa2 20. Bxh6 Qd5 21.
Bxg7 Rxg7 22. Qxb4 a5 23. Qa3 Qxf5 24. Qe3 Nf6 25. Nbd2 Rxg2 26. Rf1 Bxf3 27.
Rf4 Qg6 28. Qxf3 Rf8 29. Qe3 Rf7 30. Qe6 Kg7 31. d5 a4 32. Qe3 Qg5 1/2-1/2

[Event "5MCR_4D_2L_4S"]
[Site "?"]
[Date "2002.??.??"]
[Round "?"]
[White "Rubes, Zdenek"]
[Black "Panuska, Vladimir"]
[Result "1/2-1/2"]
[WhiteElo "2075"]
[BlackElo "1800"]
[PlyCount "67"]
[EventDate "2002.??.??"]
[EventType "corr"]
[SourceDate "2004.??.??"]

1. e4 e5 2. Nc3 Nc6 3. f4 exf4 4. Nf3 g5 5. h4 g4 6. Ng5 f6 7. Qxg4 h5 8. Qf5
Nce7 9. Qxf4 fxg5 10. hxg5 Ng6 11. Qf5 N8e7 12. Qf6 Rg8 13. Bc4 d5 14. Bxd5
Nxd5 15. Nxd5 c6 16. Qxd8+ Kxd8 17. Nf6 Rh8 18. Rxh5 Rxh5 19. Nxh5 Bc5 20. d3
Ke7 21. c3 Bd6 22. d4 Be6 23. e5 Bc7 24. Nf6 Rh8 25. Kf2 Bb6 26. Be3 Rd8 27. b3
c5 28. dxc5 Bc7 29. c6 bxc6 30. Bc5+ Kf7 31. Rh1 Nxe5 32. Rh7+ Kg6 33. Rh6+ Kf7
34. Rh7+ 1/2-1/2

[Event "5MCR_4D_2L_4S"]
[Site "?"]
[Date "2002.??.??"]
[Round "?"]
[White "Rubes, Zdenek"]
[Black "Portych, Vaclav"]
[Result "1-0"]
[WhiteElo "2075"]
[BlackElo "2040"]
[PlyCount "75"]
[EventDate "2002.??.??"]
[EventType "corr"]
[SourceDate "2004.??.??"]

1. e4 c5 2. a3 Nc6 3. b4 cxb4 4. axb4 Nxb4 5. c3 Nc6 6. d4 d5 7. exd5 Qxd5 8.
Na3 Nf6 9. Nb5 Qe4+ 10. Be2 Kd8 11. Nf3 Bg4 12. O-O a6 13. d5 Qxd5 14. Qxd5+
Nxd5 15. Rd1 e6 16. c4 Ncb4 17. cxd5 exd5 18. Be3 Be6 19. Bb6+ Kd7 20. Ne5+ Ke7
21. Nc7 Rc8 22. Rac1 h5 23. Ba5 Kf6 24. Nxf7 Bxf7 25. Nxd5+ Nxd5 26. Rxc8 Be6
27. Rb8 Nf4 28. Bc3+ Kg6 29. Bd3+ Nxd3 30. Rxd3 Rg8 31. Rdd8 Kf7 32. Rxb7+ Kg6
33. Rb6 Kf7 34. Rxa6 Bc4 35. Ra4 Be6 36. Rf4+ Ke7 37. Rdxf8 Rxf8 38. Bb4+ 1-0

[Event "5MCR_4D_2L_4S"]
[Site "?"]
[Date "2002.??.??"]
[Round "?"]
[White "Rubes, Zdenek"]
[Black "Veselsky, Michal"]
[Result "0-1"]
[WhiteElo "2075"]
[BlackElo "1870"]
[PlyCount "60"]
[EventDate "2002.??.??"]
[EventType "corr"]
[SourceDate "2004.??.??"]

1. e4 e5 2. Nc3 Nf6 3. Bc4 Nc6 4. d3 Bb4 5. Nf3 d5 6. exd5 Nxd5 7. O-O Bxc3 8.
bxc3 Bg4 9. Bd2 O-O 10. h3 Bh5 11. Qe2 Re8 12. Rae1 Kh8 13. g4 Bg6 14. Ng5 f6
15. Ne4 a6 16. Bb3 b6 17. Qf3 Na5 18. Re2 Nxb3 19. axb3 c5 20. Rfe1 Nc7 21. Ng3
Qd7 22. Bc1 Rad8 23. Bb2 Nd5 24. Ne4 Rf8 25. Qg3 Nf4 26. Re3 h5 27. d4 Nd5 28.
gxh5 Bxh5 29. Qh4 Qf7 30. Rg3 Ne7 0-1

[Event "5MCR_4D_2L_4S"]
[Site "?"]
[Date "2002.??.??"]
[Round "?"]
[White "Veselsky, Michal"]
[Black "Glaser, Karel"]
[Result "0-1"]
[WhiteElo "1870"]
[BlackElo "2025"]
[PlyCount "82"]
[EventDate "2002.??.??"]
[EventType "corr"]
[SourceDate "2004.??.??"]

1. e4 e5 2. Nf3 Nc6 3. Bb5 a6 4. Ba4 Nf6 5. O-O Be7 6. Re1 b5 7. Bb3 d6 8. c3
O-O 9. h3 Bb7 10. d4 Re8 11. Nbd2 Bf8 12. Bc2 Rc8 13. a4 exd4 14. cxd4 Nb4 15.
Bb1 c5 16. d5 g6 17. Nf1 Bg7 18. Bd2 Nfxd5 19. exd5 Bxb2 20. Ra2 Rxe1 21. Bxe1
Nxa2 22. Bxa2 Bg7 23. Ne3 Qf6 24. Qb1 Qb2 25. Qxb2 Bxb2 26. Kf1 f5 27. g3 Re8
28. Ke2 Re4 29. Bb3 Bg7 30. h4 Rxa4 31. Bxa4 bxa4 32. Kd3 a3 33. Bc3 a2 34.
Bxg7 Kxg7 35. Nc2 Bxd5 36. Nd2 Kh6 37. Kc3 g5 38. hxg5+ Kxg5 39. Nf1 Be4 40.
Na1 Kg4 41. Nd2 Kh3 0-1

[Event "5MCR_4D_2L_4S"]
[Site "?"]
[Date "2002.??.??"]
[Round "?"]
[White "Veselsky, Michal"]
[Black "Jirku, Jaroslav"]
[Result "1-0"]
[WhiteElo "1870"]
[BlackElo "2225"]
[PlyCount "91"]
[EventDate "2002.??.??"]
[EventType "corr"]
[SourceDate "2004.??.??"]

1. e4 e5 2. Nf3 Nc6 3. Bb5 a6 4. Ba4 Nf6 5. O-O Be7 6. Re1 b5 7. Bb3 O-O 8. c3
d5 9. exd5 Nxd5 10. Nxe5 Nxe5 11. Rxe5 c6 12. d4 Bd6 13. Re1 Qh4 14. g3 Qh3 15.
Be3 Bg4 16. Qd3 Rae8 17. Nd2 f5 18. Qf1 Qh5 19. f4 Kh8 20. Bxd5 cxd5 21. Qg2 g5
22. Qxd5 Rd8 23. Qc6 gxf4 24. Bxf4 Bxf4 25. gxf4 Be2 26. Nf1 Rg8+ 27. Ng3 Rg6
28. Qg2 Bf3 29. Kf2 Rxg3 30. Qxg3 Rg8 31. Qxf3 Qxh2+ 32. Ke3 Rg3 33. Re2 Rxf3+
34. Kxf3 Qh3+ 35. Kf2 Qh4+ 36. Ke3 Qg3+ 37. Kd2 Qxf4+ 38. Kc2 Qf3 39. Rae1 f4
40. Rd2 Qd5 41. a3 a5 42. Re5 Qc6 43. d5 Qg6+ 44. Kb3 a4+ 45. Ka2 f3 46. Re1
1-0